000 00461nam a22001817a 4500
003 MPLRDC
005 20220104113905.0
008 210129b ||||| |||| 00| 0 eng d
082 _a848.2 GLH v.11
100 _a郭良蕙著
245 _a失落. 失落. 失落
_c
250 _a初版一刷
260 _a
_b时报文化出版企业有限
_c1987
300 _b
490 _a郭良蕙作品集;11
650 _a现代别集
942 _cBK
_o848.2 GLH v.11
999 _c3162
_d3152